00724nam a22002177a 450000500170000001000130001702000220003003500130005203700160006504000120008108200160009310000270010924501360013626000420027227000560031430000190037050000510038965000180044065000290045870000190048720170124110145.0 aA-821404 c00.00a8185814589 aA-821404 bCen Lib/Ret aDPLbEN a658.8bFRA  aFraser-Robinson, John  aTotal quality marketing :cby John Fraser-Robinson [and] Pip Mosscrop bwhat has to come next in sales, marketing and advertising / aNew Delhi c1995bWheeler publishing  bNew Delhi a411, Surya kiran, 19 K.G. marge110001 a256.c20cm(Hb) aIncludes bibliographical references and index  aMarketing x  aTotal quality marketing  aMosscrop, Pip